Messy - Rosé - Statistics

General Stats
  • This quiz has been taken 33 times
  • The average score is 217 of 256
Answer Stats
Answer % Correct
be
100%
been
100%
i
100%
i've
100%
like
100%
me
100%
messy
100%
never
100%
the
100%
a
93%
all
93%
baby
93%
come
93%
get
93%
it
93%
it's
93%
just
93%
know
93%
let
93%
let's
93%
love
93%
over
93%
really
93%
so
93%
touched
93%
undone
93%
undress
93%
way
93%
you
93%
and
86%
if
86%
i'm
86%
obsessed
86%
there's
86%
with
86%
arms
79%
around
79%
barely
79%
breathe
79%
but
79%
can
79%
feels
79%
no
79%
replica
79%
sheets
79%
then
79%
when
79%
your
79%
bad
71%
can't
71%
could
71%
drowning
71%
for
71%
give
71%
hate
71%
hell
71%
how
71%
of
71%
reach
71%
something
71%
tonight
71%
alive
64%
are
64%
as
64%
burn
64%
keep
64%
screaming
64%
tangled
64%
want
64%
we
64%
complicated
57%
hurt
57%
makes
57%
on
57%
party's
57%
these
57%
worst
57%
chance
50%
door
50%
floor
50%
maybe
50%
more
50%
second
50%
those
50%
words
50%
back
43%
hearts
43%
our
43%
pulling
43%
saying
43%
you're
43%
running
36%
guess
29%
No matching quizzes found
Score Distribution
Percent of People with Each Score
Percentile by Number Answered
Your Score History
You have not taken this quiz